[Event "17. European Women's Championship 2016"]
[Site "Mamaia ROU"]
[Date "2016.06.03"]
[Round "7.18"]
[White "Khurtsidze, Nino"]
[Black "Ovod, Evgenija"]
[Result "1-0"]
[WhiteElo "2409"]
[BlackElo "2329"]
[PlyCount "79"]
[EventDate "2016.05.27"]
[EventType "swiss"]
[EventRounds "11"]
[EventCountry "ROU"]
[Source "lmi"]
[SourceDate "2016.05.26"]

1. c4 e6 2. Nf3 d5 3. e3 Nf6 4. d4 b6 5. cxd5 exd5 6. Bb5+ c6 7. Bd3 Bg4 8. Qc2
Bxf3 9. gxf3 Be7 10. O-O O-O 11. Nd2 a5 12. b3 Ra7 13. Bb2 Rc7 14. f4 Bd6 15.
Rad1 Re8 16. Kh1 Nbd7 17. Rg1 Nf8 18. Nf3 Qc8 19. Ne5 Ng6 20. f3 c5 21. Qg2 c4
22. Bc2 c3 23. Bc1 Bf8 24. e4 b5 25. Nxg6 fxg6 26. e5 Nd7 27. f5 gxf5 28. Bxf5
Qb7 29. Qh3 g6 30. Bxg6 hxg6 31. Rxg6+ Bg7 32. Rxg7+ Kxg7 33. Rg1+ Kf8 34. Qf5+
Ke7 35. Bg5+ Nf6 36. Qxf6+ Kd7 37. Qf7+ Kc6 38. Qxe8+ Kb6 39. Bd8 c2 40. Qe7
1-0

[Event "17. European Women's Championship 2016"]
[Site "Mamaia ROU"]
[Date "2016.06.03"]
[Round "7.19"]
[White "Ziaziulkina, Nastassia"]
[Black "Kiolbasa, Oliwia"]
[Result "1/2-1/2"]
[WhiteElo "2396"]
[BlackElo "2319"]
[PlyCount "66"]
[EventDate "2016.05.27"]
[EventType "swiss"]
[EventRounds "11"]
[EventCountry "ROU"]
[Source "lmi"]
[SourceDate "2016.05.26"]

1. e4 e5 2. Nf3 Nc6 3. Bb5 a6 4. Ba4 d6 5. c3 Bd7 6. d4 Nge7 7. Bb3 h6 8. Nbd2
Ng6 9. Nf1 Be7 10. Ng3 Bg5 11. dxe5 Bxc1 12. Qxc1 dxe5 13. O-O Bg4 14. Qe3 Qf6
15. Nd2 O-O 16. f3 Bd7 17. Rfd1 Rad8 18. Ndf1 Nf4 19. Ne2 Qg5 20. g3 Nh3+ 21.
Kg2 Qh5 22. Ng1 Nxg1 23. Kxg1 Na5 24. Nd2 Nxb3 25. Nxb3 b6 26. Rd2 Bc6 27. Qe2
Rxd2 28. Nxd2 Rd8 29. Rd1 Qg5 30. Nf1 Rxd1 31. Qxd1 Bb5 32. Qd2 Qxd2 33. Nxd2
Kf8 1/2-1/2

[Event "17. European Women's Championship 2016"]
[Site "Mamaia ROU"]
[Date "2016.06.03"]
[Round "7.20"]
[White "Houska, Jovanka"]
[Black "Styazhkina, Anna"]
[Result "1/2-1/2"]
[WhiteElo "2383"]
[BlackElo "2302"]
[PlyCount "74"]
[EventDate "2016.05.27"]
[EventType "swiss"]
[EventRounds "11"]
[EventCountry "ROU"]
[Source "lmi"]
[SourceDate "2016.05.26"]

1. d4 d5 2. Nf3 Nf6 3. c4 c6 4. g3 Bg4 5. Ne5 Bf5 6. cxd5 cxd5 7. Nc3 Nc6 8.
Bg2 e6 9. O-O Bd6 10. Nxc6 bxc6 11. Bg5 O-O 12. Rc1 Rc8 13. e4 dxe4 14. Nxe4
Be7 15. Nxf6+ Bxf6 16. Bxf6 Qxf6 17. Qa4 Rfd8 18. Rfd1 h5 19. h3 e5 20. dxe5
Qxe5 21. Rxd8+ Rxd8 22. Qb4 Be6 23. Rxc6 Bxa2 24. Ra6 Rd4 25. Qc3 Be6 26. Rxa7
Qf6 27. Qc2 g6 28. Ra3 h4 29. gxh4 Rxh4 30. Qc3 Rd4 31. Ra1 Qf4 32. b4 Kh7 33.
b5 Rd2 34. Qc5 Bd5 35. Bxd5 Qg5+ 36. Kf1 Rxd5 37. Qe3 Rxb5 1/2-1/2

[Event "17. European Women's Championship 2016"]
[Site "Mamaia ROU"]
[Date "2016.06.03"]
[Round "7.21"]
[White "Bulmaga, Irina"]
[Black "Mamedjarova, Zeinab"]
[Result "1-0"]
[WhiteElo "2360"]
[BlackElo "2236"]
[PlyCount "97"]
[EventDate "2016.05.27"]
[EventType "swiss"]
[EventRounds "11"]
[EventCountry "ROU"]
[Source "lmi"]
[SourceDate "2016.05.26"]

1. e4 e5 2. Nf3 Nf6 3. d4 Nxe4 4. Bd3 d5 5. Nxe5 Nd7 6. Nxd7 Bxd7 7. O-O Bd6 8.
c4 c6 9. cxd5 cxd5 10. Nc3 Nxc3 11. bxc3 O-O 12. Qh5 g6 13. Qxd5 Qc7 14. Bh6
Rfe8 15. Qf3 Qxc3 16. Qf6 Bf8 17. Bxf8 Rxf8 18. Be4 Rad8 19. Bd5 Qc7 20. Rfc1
Bc6 21. Bxc6 Rd6 22. Qe5 bxc6 23. h4 Qd8 24. g3 Re8 25. Qc5 Re2 26. Re1 Rd2 27.
Qxa7 Qf6 28. Re8+ Kg7 29. Rf1 Qxd4 30. Qe7 Rxa2 31. Qf8+ Kf6 32. Re3 Qd5 33.
Qh8+ Kf5 34. Rfe1 Kg4 35. Qxh7 Rf6 36. Rf1 Kh3 37. g4+ Kxg4 38. Rg3+ Kf4 39.
Qh6+ Ke5 40. Re3+ Kd4 41. Rd1+ Kc4 42. Rxd5 cxd5 43. Qf8 Rfxf2 44. Qc8+ Kb4 45.
Qb7+ Kc4 46. Qb3+ Kc5 47. Rc3+ Kd6 48. Qb6+ Ke5 49. Qxf2 1-0

[Event "17. European Women's Championship 2016"]
[Site "Mamaia ROU"]
[Date "2016.06.03"]
[Round "7.22"]
[White "Mammadzada, Gunay"]
[Black "Khukhashvili, Sopiko"]
[Result "0-1"]
[WhiteElo "2318"]
[BlackElo "2355"]
[PlyCount "100"]
[EventDate "2016.05.27"]
[EventType "swiss"]
[EventRounds "11"]
[EventCountry "ROU"]
[Source "lmi"]
[SourceDate "2016.05.26"]

1. e4 c5 2. Nf3 d6 3. d4 cxd4 4. Nxd4 Nf6 5. Nc3 Bd7 6. Be3 Ng4 7. Bc1 Nc6 8.
h3 Qb6 9. hxg4 Qxd4 10. Qe2 Ne5 11. Nb5 Qb4+ 12. c3 Qa5 13. g5 g6 14. f4 Nc6
15. Be3 Bg7 16. Qd2 a6 17. Nd4 Qc7 18. Bd3 Na5 19. Qe2 Rc8 20. f5 Nc4 21. Bf2
b5 22. O-O Ne5 23. Bg3 h5 24. Nf3 h4 25. Bh2 Qc5+ 26. Nd4 h3 27. Rf2 Rh5 28.
Bf4 hxg2 29. Kxg2 e6 30. f6 Bf8 31. Be3 Qc7 32. Rh1 Rxh1 33. Kxh1 Nxd3 34. Qxd3
e5 35. Nf3 Bc6 36. Nd2 Qd7 37. Kg1 d5 38. exd5 Bxd5 39. Qe2 Qh3 40. Rh2 Qg3+
41. Kf1 Kd7 42. a4 Rc4 43. axb5 axb5 44. Nb1 Ke6 45. Qf2 Qg4 46. Nd2 Ra4 47.
Qe1 Bd6 48. b3 Ra2 49. Qb1 Rxd2 50. Bxd2 Qf3+ 0-1

[Event "17. European Women's Championship 2016"]
[Site "Mamaia ROU"]
[Date "2016.06.03"]
[Round "7.23"]
[White "Lazarne Vajda, Szidonia"]
[Black "Dragomirescu, Angela"]
[Result "1-0"]
[WhiteElo "2345"]
[BlackElo "2215"]
[PlyCount "91"]
[EventDate "2016.05.27"]
[EventType "swiss"]
[EventRounds "11"]
[EventCountry "ROU"]
[Source "lmi"]
[SourceDate "2016.05.26"]

1. d4 d5 2. c4 c6 3. Nf3 Nf6 4. Qb3 g6 5. Nc3 Bg7 6. cxd5 cxd5 7. Bg5 e6 8. Rc1
O-O 9. e3 Nc6 10. Ne5 Na5 11. Qa4 h6 12. Bh4 g5 13. Bg3 Nh5 14. Be2 Nxg3 15.
hxg3 Bxe5 16. dxe5 Kg7 17. Qg4 Nc6 18. f4 f5 19. Qh5 Rh8 20. Nb5 Bd7 21. Nd6
Qe7 22. g4 Be8 23. Qh3 Bg6 24. gxf5 Bxf5 25. Qxf5 exf5 26. Nxf5+ Kf7 27. Nxe7
Kxe7 28. Bb5 gxf4 29. exf4 Rag8 30. Kf2 Rg4 31. g3 Rhg8 32. Rh3 Nd4 33. Rc7+
Kd8 34. Rd7+ Kc8 35. Rxd5 Nxb5 36. Rxb5 h5 37. Rc5+ Kd7 38. Rc3 h4 39. Rxh4
Rxh4 40. gxh4 Rg4 41. Kf3 Rxh4 42. Rd3+ Ke7 43. Rb3 b6 44. Ra3 Rh2 45. Rxa7+
Ke6 46. b3 1-0

[Event "17. European Women's Championship 2016"]
[Site "Mamaia ROU"]
[Date "2016.06.03"]
[Round "7.24"]
[White "Sedina, Elena"]
[Black "Girya, Olga"]
[Result "1/2-1/2"]
[WhiteElo "2287"]
[BlackElo "2443"]
[PlyCount "71"]
[EventDate "2016.05.27"]
[EventType "swiss"]
[EventRounds "11"]
[EventCountry "ROU"]
[Source "lmi"]
[SourceDate "2016.05.26"]

1. e4 c6 2. c4 d5 3. exd5 cxd5 4. cxd5 Nf6 5. Nc3 Nxd5 6. Nf3 Nc6 7. d4 Be6 8.
Ng5 Qb6 9. Nxe6 fxe6 10. Bc4 Qxd4 11. Qb3 O-O-O 12. O-O Na5 13. Bxd5 exd5 14.
Qc2 Nc6 15. Be3 Qf6 16. b4 d4 17. Ne4 Qe5 18. b5 Qxb5 19. Rab1 Qd5 20. Bxd4 Kb8
21. Rfc1 Ka8 22. Be3 e5 23. Qb2 Bb4 24. Nc5 Qf7 25. Nxb7 Qxb7 26. a3 Rd6 27.
Bc5 Rd2 28. Qb3 Rhd8 29. axb4 Nd4 30. Bxd4 R2xd4 31. b5 e4 32. h3 Rd3 33. Qc4
R3d4 34. Qb3 Rd3 35. Qc4 R3d4 36. Qb3 1/2-1/2

[Event "17. European Women's Championship 2016"]
[Site "Mamaia ROU"]
[Date "2016.06.03"]
[Round "7.25"]
[White "Kazimova, Narmin"]
[Black "Manakova, Maria"]
[Result "1/2-1/2"]
[WhiteElo "2364"]
[BlackElo "2254"]
[PlyCount "150"]
[EventDate "2016.05.27"]
[EventType "swiss"]
[EventRounds "11"]
[EventCountry "ROU"]
[Source "lmi"]
[SourceDate "2016.05.26"]

1. d4 e6 2. c4 Nf6 3. g3 c5 4. d5 exd5 5. cxd5 d6 6. Nc3 g6 7. Bg2 Bg7 8. Nf3
O-O 9. O-O a6 10. a4 Nbd7 11. Nd2 Re8 12. Nc4 Ne5 13. Nxe5 Rxe5 14. Bf4 Re8 15.
a5 Rb8 16. Na4 Nh5 17. Bd2 Bd7 18. Bc3 Nf6 19. Nb6 Bb5 20. Re1 Ne4 21. Bxg7
Kxg7 22. Qc2 Qe7 23. Ra3 f5 24. Re3 Qf6 25. Bxe4 Rxe4 26. Rxe4 fxe4 27. Qxe4
Rf8 28. f3 Qxb2 29. Qe7+ Rf7 30. Qe6 Qb4 31. Rd1 c4 32. Qe3 c3 33. Rc1 Rc7 34.
Na8 Qc5 35. Kf2 Qxe3+ 36. Kxe3 Re7+ 37. Kd4 Rxe2 38. Rxc3 Rxh2 39. Rc7+ Kf6 40.
Rxb7 Rd2+ 41. Ke4 Ra2 42. Rxh7 Ra4+ 43. Ke3 Rxa5 44. Nb6 Ra3+ 45. Ke4 Rb3 46.
Rb7 Kg5 47. Ra7 Bd3+ 48. Kd4 Bf5 49. Rxa6 Rd3+ 50. Kc4 Rxf3 51. Ra8 Kf6 52. Kb5
Rxg3 53. Kc6 Rb3 54. Rb8 Rd3 55. Kxd6 Be4 56. Rf8+ Kg7 57. Rf4 Bf3 58. Ke5 Re3+
59. Kd4 Rb3 60. Kc4 Rxb6 61. Rxf3 g5 62. Kc5 Rb1 63. d6 Rc1+ 64. Kd5 Rd1+ 65.
Ke6 Re1+ 66. Kd5 Rd1+ 67. Kc6 Rc1+ 68. Kb7 Rb1+ 69. Kc7 Rc1+ 70. Kd8 Rd1 71. d7
Kg6 72. Rc3 Kf5 73. Ke7 g4 74. d8=Q Rxd8 75. Kxd8 Kf4 1/2-1/2

[Event "17. European Women's Championship 2016"]
[Site "Mamaia ROU"]
[Date "2016.06.03"]
[Round "7.26"]
[White "Charochkina, Daria"]
[Black "Raeva, Elitsa"]
[Result "1-0"]
[WhiteElo "2362"]
[BlackElo "2254"]
[PlyCount "81"]
[EventDate "2016.05.27"]
[EventType "swiss"]
[EventRounds "11"]
[EventCountry "ROU"]
[Source "lmi"]
[SourceDate "2016.05.26"]

1. b3 d5 2. Bb2 Nf6 3. g3 Bg4 4. Bg2 e6 5. c4 c6 6. Qc2 Nbd7 7. Nf3 Bd6 8. O-O
Qe7 9. d3 e5 10. cxd5 Nxd5 11. Nbd2 O-O 12. Nc4 Rfe8 13. Nxd6 Qxd6 14. Nd2 Qh6
15. Rfe1 Bh3 16. Bh1 Rad8 17. Nc4 Re6 18. d4 Qh5 19. dxe5 Rh6 20. e4 Nf4 21. f3
Bg2 22. Bxg2 Qxh2+ 23. Kf1 Nh3 24. Bd4 Nxe5 25. Be3 Ng4 26. Qc3 Qxg3 27. fxg4
Rf6+ 28. Qxf6 gxf6 29. Rad1 Ra8 30. Nd6 Qxg4 31. Nf5 Kh8 32. Nh6 Qh5 33. Rd7
Ng5 34. Bxg5 fxg5 35. Nxf7+ Kg8 36. e5 g4 37. e6 Re8 38. Re5 Qh4 39. Rg5+ Kf8
40. Nh6 Qxg5 41. Rf7# 1-0

[Event "17. European Women's Championship 2016"]
[Site "Mamaia ROU"]
[Date "2016.06.03"]
[Round "7.27"]
[White "Movileanu, Daniela"]
[Black "Papp, Petra"]
[Result "1/2-1/2"]
[WhiteElo "2247"]
[BlackElo "2342"]
[PlyCount "62"]
[EventDate "2016.05.27"]
[EventType "swiss"]
[EventRounds "11"]
[EventCountry "ROU"]
[Source "lmi"]
[SourceDate "2016.05.26"]

1. e4 c5 2. Nf3 d6 3. d4 cxd4 4. Nxd4 Nf6 5. Nc3 a6 6. Be3 e5 7. Nb3 Be7 8. h3
O-O 9. g4 Be6 10. g5 Nfd7 11. Rg1 Nb6 12. Qd2 N8d7 13. O-O-O Qc7 14. h4 Rfc8
15. Kb1 Bf8 16. h5 a5 17. a4 Nc4 18. Bxc4 Qxc4 19. Qd3 Qc6 20. g6 fxg6 21. hxg6
Bc4 22. Qd2 b5 23. axb5 Qb7 24. Nc1 a4 25. f3 Bxb5 26. Nxb5 Qxb5 27. Qd5+ Qxd5
28. Rxd5 hxg6 29. Rxg6 Kf7 30. Rg2 Nf6 31. Rb5 Be7 1/2-1/2

[Event "17. European Women's Championship 2016"]
[Site "Mamaia ROU"]
[Date "2016.06.03"]
[Round "7.28"]
[White "Babiy, Olga"]
[Black "Unuk, Laura"]
[Result "0-1"]
[WhiteElo "2337"]
[BlackElo "2246"]
[PlyCount "78"]
[EventDate "2016.05.27"]
[EventType "swiss"]
[EventRounds "11"]
[EventCountry "ROU"]
[Source "lmi"]
[SourceDate "2016.05.26"]

1. e4 e6 2. d4 d5 3. Nc3 Nf6 4. e5 Nfd7 5. f4 c5 6. Nf3 Be7 7. Be3 O-O 8. Qd2
b6 9. O-O-O c4 10. f5 b5 11. f6 gxf6 12. Nxb5 Nc6 13. exf6 Bxf6 14. Bh6 Rb8 15.
Nc3 Qb6 16. b3 Qa5 17. Qe3 Rd8 18. h4 Ne7 19. g4 Ba6 20. Bg5 Rdc8 21. Kd2 Nc5
22. b4 Qxb4 23. Ke2 Ne4 24. Nxe4 dxe4 25. Bxf6 exf3+ 26. Kf2 Kf8 27. Qh6+ Ke8
28. Qxh7 Qc3 29. Rh2 Rb2 30. Kg1 Qe3+ 31. Rf2 Qf4 32. Bxe7 Kxe7 33. Bg2 Bb7 34.
d5 Bxd5 35. Qg7 Rcb8 36. g5 Rb1 37. Bxf3 Bxf3 38. Qf6+ Qxf6 39. gxf6+ Ke8 0-1

[Event "17. European Women's Championship 2016"]
[Site "Mamaia ROU"]
[Date "2016.06.03"]
[Round "7.29"]
[White "Hapala, Elisabeth"]
[Black "Nikolova, Adriana"]
[Result "1/2-1/2"]
[WhiteElo "2227"]
[BlackElo "2331"]
[PlyCount "155"]
[EventDate "2016.05.27"]
[EventType "swiss"]
[EventRounds "11"]
[EventCountry "ROU"]
[Source "lmi"]
[SourceDate "2016.05.26"]

1. e4 d5 2. exd5 Qxd5 3. Nc3 Qd8 4. d4 Nf6 5. Nf3 a6 6. g3 b5 7. Bg2 Bb7 8. O-O
e6 9. Re1 Be7 10. Ne5 Nd5 11. Ne4 Nd7 12. Qg4 Nxe5 13. dxe5 g6 14. Bh6 Qd7 15.
a4 c6 16. axb5 cxb5 17. Bg7 Rg8 18. Bf6 Bxf6 19. Nxf6+ Nxf6 20. exf6 Bxg2 21.
Kxg2 O-O-O 22. Kg1 Kb7 23. c4 Qc6 24. cxb5 Qxb5 25. Re4 Ka7 26. Qf4 Rb8 27.
Rxa6+ Kxa6 28. Ra4+ Kb6 29. Qd6+ Kb7 30. Rb4 Qxb4 31. Qxb4+ Kc6 32. Qc4+ Kd6
33. b4 Rgc8 34. Qd4+ Kc7 35. Qc5+ Kb7 36. Qb5+ Kc7 37. Qa5+ Rb6 38. Qa7+ Rb7
39. Qc5+ Kb8 40. Qd6+ Ka7 41. b5 Rc1+ 42. Kg2 Rb1 43. Qd4+ Kb8 44. Qf4+ Ka7 45.
Qe3+ Ka8 46. Qh6 R1xb5 47. Qxh7 Rf5 48. g4 Rf4 49. Kg3 e5 50. Qg8+ Ka7 51. Qd8
Rb3+ 52. Kh4 Rb6 53. Qe7+ Ka6 54. Qxf7 Rbxf6 55. Qa2+ Kb7 56. Qb2+ Rb6 57. Qxe5
Rxf2 58. Qe4+ Ka6 59. h3 Rff6 60. Kg5 Rfe6 61. Qa4+ Kb7 62. Qd7+ Ka6 63. h4
Rb5+ 64. Kh6 Rbb6 65. Qd3+ Ka7 66. g5 Red6 67. Qa3+ Kb8 68. h5 gxh5+ 69. Kxh5
Kb7 70. Kg4 Rd4+ 71. Kf5 Rd5+ 72. Ke4 Rdd6 73. Ke5 Rdc6 74. Qa5 Rb2 75. Qd5
Re2+ 76. Kf4 Ree6 77. Kf5 Red6 78. Qa5 1/2-1/2

[Event "17. European Women's Championship 2016"]
[Site "Mamaia ROU"]
[Date "2016.06.03"]
[Round "7.31"]
[White "Ionescu, Irina"]
[Black "Tomilova, Elena"]
[Result "1/2-1/2"]
[WhiteElo "2181"]
[BlackElo "2305"]
[PlyCount "119"]
[EventDate "2016.05.27"]
[EventType "swiss"]
[EventRounds "11"]
[EventCountry "ROU"]
[Source "lmi"]
[SourceDate "2016.05.26"]

1. e4 e6 2. d4 d5 3. Nd2 c5 4. exd5 Qxd5 5. Ngf3 cxd4 6. Bc4 Qd6 7. O-O Nf6 8.
Nb3 Nc6 9. Nbxd4 Nxd4 10. Nxd4 a6 11. c3 Qc7 12. Bb3 Bd6 13. h3 Bd7 14. Qf3
O-O-O 15. a4 Kb8 16. a5 e5 17. Nc2 Bb5 18. Be3 e4 19. Qf5 Bxf1 20. Kxf1 Qe7 21.
Bd4 Qd7 22. Ne3 Rhg8 23. Rd1 Qxf5 24. Nxf5 Bc7 25. Bxf7 Rgf8 26. Bb3 Nh5 27. g4
g6 28. Nh6 Nf4 29. Nf7 e3 30. fxe3 Nd5 31. e4 Rxf7+ 32. Kg1 Ne3 33. Bxe3 Rxd1+
34. Bxd1 Bxa5 35. e5 Kc7 36. Kg2 Bb6 37. e6 Re7 38. Bf4+ Kc8 39. Bb3 Bd8 40.
Kf3 Re8 41. Ke4 Be7 42. g5 Rf8 43. h4 Rf5 44. Bd5 a5 45. c4 a4 46. c5 Bxc5 47.
e7 Kd7 48. Be6+ Kxe7 49. Bxf5 gxf5+ 50. Kxf5 Bd4 51. Be5 Bxe5 52. Kxe5 b5 53.
Kd4 b4 54. Kc4 a3 55. bxa3 bxa3 56. Kb3 Ke6 57. h5 Kf5 58. g6 hxg6 59. hxg6
Kxg6 60. Kxa3 1/2-1/2

[Event "17. European Women's Championship 2016"]
[Site "Mamaia ROU"]
[Date "2016.06.03"]
[Round "7.32"]
[White "Pustovoitova, Daria"]
[Black "Drozdova, Dina"]
[Result "1-0"]
[WhiteElo "2304"]
[BlackElo "2235"]
[PlyCount "127"]
[EventDate "2016.05.27"]
[EventType "swiss"]
[EventRounds "11"]
[EventCountry "ROU"]
[Source "lmi"]
[SourceDate "2016.05.26"]

1. d4 Nf6 2. Bg5 Ne4 3. Bf4 d5 4. f3 Nf6 5. Nc3 e6 6. a3 c5 7. e4 cxd4 8. Nb5
Na6 9. e5 Nh5 10. Qxd4 Nxf4 11. Qxf4 Qa5+ 12. Qd2 Qb6 13. b4 Bd7 14. Nd4 Rc8
15. Rc1 Nb8 16. c4 dxc4 17. Bxc4 a5 18. bxa5 Qc5 19. Nge2 Qxe5 20. f4 Qe4 21.
O-O Bc5 22. Kh1 O-O 23. Rc3 Rfd8 24. Bd3 Qd5 25. Nf3 Bc6 26. Qc2 Be7 27. Bxh7+
Kf8 28. Bd3 Qxa5 29. Ned4 Bf6 30. Rc4 Bxf3 31. Rxc8 Bxg2+ 32. Kxg2 Bxd4 33. Be4
Nc6 34. Rxd8+ Nxd8 35. Rd1 e5 36. fxe5 Qxe5 37. Kh1 g6 38. Bxb7 Ne6 39. Qe4 Ke7
40. Qxe5 Bxe5 41. a4 Bc3 42. Rd3 Bb4 43. Bc6 f5 44. Rd5 Nc5 45. Kg2 Ke6 46. Rd8
g5 47. h3 Bc3 48. Kf3 Bb4 49. Rb8 Bc3 50. Rg8 Nb3 51. Ke3 Kf6 52. Kd3 Ba5 53.
Kc4 Nd2+ 54. Kb5 Bc3 55. a5 Bd4 56. a6 Bf2 57. Kb4 Nf1 58. Kc3 Nh2 59. Kd3 g4
60. hxg4 Nxg4 61. Ke2 Bc5 62. Bh1 Ne5 63. Rc8 Bb6 64. Rb8 1-0

[Event "17. European Women's Championship 2016"]
[Site "Mamaia ROU"]
[Date "2016.06.03"]
[Round "7.33"]
[White "Hojjatova, Aydan"]
[Black "Ozturk, Kubra"]
[Result "1/2-1/2"]
[WhiteElo "2300"]
[BlackElo "2226"]
[PlyCount "159"]
[EventDate "2016.05.27"]
[EventType "swiss"]
[EventRounds "11"]
[EventCountry "ROU"]
[Source "lmi"]
[SourceDate "2016.05.26"]

1. e4 e5 2. Nf3 Nc6 3. Bc4 Bc5 4. c3 Nf6 5. d3 a6 6. a4 Ba7 7. O-O d6 8. b4 Ne7
9. Nbd2 Ng6 10. Re1 O-O 11. Nf1 c6 12. Bb3 Re8 13. Ng3 Be6 14. Bxe6 Rxe6 15.
Be3 Bxe3 16. fxe3 d5 17. Qb3 Qd7 18. Rad1 Rd8 19. Nf5 Ree8 20. c4 Qc8 21. Qc2
Ne7 22. Ng3 dxe4 23. dxe4 c5 24. b5 axb5 25. axb5 Qe6 26. Rxd8 Rxd8 27. Rd1 Ra8
28. Qd3 h6 29. Nf5 Ng6 30. Nd2 Kh7 31. Ng3 Ra2 32. Qb3 Ra8 33. Qd3 Ra2 34. Qb3
Ra8 35. Qd3 Qg4 36. Ndf1 Ra2 37. h3 Qg5 38. Qb3 Ra8 39. Qb2 Nh4 40. Qc2 Ra3 41.
Rd3 Ra1 42. Rd1 Ra8 43. Rd6 h5 44. Kh2 Ng6 45. Rd1 Ra3 46. Qb2 Ra4 47. Qc2 Ra3
48. Qb2 Ra8 49. Qc2 Ne7 50. Nh1 Ng6 51. Nhg3 Nf8 52. Nf5 Qg6 53. Nd2 Rd8 54.
Rf1 Ne8 55. Nf3 f6 56. Ne7 Qh6 57. Nf5 Qg6 58. Qa4 Ne6 59. Qa7 Qf7 60. Ng3 Qd7
61. Nxh5 Qd3 62. Ng3 Qxc4 63. Qxb7 Nd6 64. Qe7 Nc8 65. Qf7 Nd6 66. Qh5+ Kg8 67.
Qg6 Nf8 68. Qg4 Qe6 69. Nf5 Nxf5 70. exf5 Qd6 71. Qc4+ Qd5 72. Rc1 Qxc4 73.
Rxc4 Nd7 74. Rc1 Rb8 75. Rb1 c4 76. Rc1 Nb6 77. Nd2 Kf8 78. Kg3 Ke7 79. Kf3 Rd8
80. Ke2 1/2-1/2

[Event "17. European Women's Championship 2016"]
[Site "Mamaia ROU"]
[Date "2016.06.03"]
[Round "7.34"]
[White "Abdulla, Khayala"]
[Black "Osmanodja, Filiz"]
[Result "0-1"]
[WhiteElo "2209"]
[BlackElo "2296"]
[PlyCount "94"]
[EventDate "2016.05.27"]
[EventType "swiss"]
[EventRounds "11"]
[EventCountry "ROU"]
[Source "lmi"]
[SourceDate "2016.05.26"]

1. e4 e5 2. Nf3 Nc6 3. Bb5 a6 4. Ba4 Nf6 5. d3 d6 6. c3 g6 7. O-O Bg7 8. Re1
O-O 9. Nbd2 Re8 10. h3 h6 11. d4 b5 12. Bc2 Bb7 13. d5 Ne7 14. a4 c6 15. dxc6
Bxc6 16. b4 Qc7 17. Nb3 d5 18. exd5 Nexd5 19. Bd2 Rad8 20. Qc1 Nxc3 21. Bxg6
Bxf3 22. Qxc3 Qxc3 23. Bxc3 fxg6 24. gxf3 Nd5 25. Bd2 e4 26. Ra3 Nb6 27. axb5
axb5 28. Ra6 Nc4 29. Be3 Ne5 30. Rc1 exf3 31. Rc7 Rd1+ 32. Kh2 Ng4+ 33. Kg3
Nxe3 34. Rxg7+ Kxg7 35. Ra7+ Kg8 36. fxe3 Rxe3 37. Nc5 Rd8 38. Kf2 Re5 39. Kxf3
Rf8+ 40. Kg2 Re2+ 41. Kg3 Re3+ 42. Kg2 Rd8 43. Ra2 Rd4 44. Ra8+ Kf7 45. Ra7+
Re7 46. Ra6 Rxb4 47. Nd3 Rd4 0-1

[Event "17. European Women's Championship 2016"]
[Site "Mamaia ROU"]
[Date "2016.06.03"]
[Round "7.35"]
[White "Narva, Mai"]
[Black "Zaksaite, Salomeja"]
[Result "0-1"]
[WhiteElo "2121"]
[BlackElo "2312"]
[PlyCount "98"]
[EventDate "2016.05.27"]
[EventType "swiss"]
[EventRounds "11"]
[EventCountry "ROU"]
[Source "lmi"]
[SourceDate "2016.05.26"]

1. e4 e5 2. Nf3 Nc6 3. Bb5 a6 4. Ba4 Nf6 5. O-O b5 6. Bb3 Be7 7. d4 d6 8. dxe5
Nxe5 9. Nxe5 dxe5 10. Qxd8+ Bxd8 11. Be3 Bb7 12. f3 Be7 13. a4 O-O 14. axb5
axb5 15. Nc3 c6 16. Rad1 Rfc8 17. f4 Ng4 18. Bb6 b4 19. Na4 Ba6 20. Rf3 Be2 21.
Rd7 Kf8 22. Rfd3 Bxd3 23. cxd3 exf4 24. Rb7 c5 25. Ba7 Rd8 26. Nb6 Rxa7 27.
Rxa7 c4 28. Rxe7 Kxe7 29. Bxc4 Ne3 30. Ba6 Rb8 31. Na4 Nc2 32. Bc4 Ra8 33. Nb6
Ra1+ 34. Kf2 Ne3 35. Nd5+ Nxd5 36. Bxd5 Rh1 37. h3 f6 38. Bc4 Kd6 39. b3 Ke5
40. Kf3 g5 41. Kg4 Rg1 42. Kf3 Re1 43. Kf2 Re3 44. Kf1 Kd4 45. Kf2 h5 46. Bb5
Rxd3 47. Bxd3 Kxd3 48. Kf3 Kd4 49. h4 Ke5 0-1

[Event "17. European Women's Championship 2016"]
[Site "Mamaia ROU"]
[Date "2016.06.03"]
[Round "7.36"]
[White "Gvetadze, Sofio"]
[Black "Gevorgyan, Maria"]
[Result "0-1"]
[WhiteElo "2311"]
[BlackElo "2257"]
[PlyCount "98"]
[EventDate "2016.05.27"]
[EventType "swiss"]
[EventRounds "11"]
[EventCountry "ROU"]
[Source "lmi"]
[SourceDate "2016.05.26"]

1. e4 e5 2. Nf3 Nf6 3. Nc3 Nc6 4. Bb5 Nd4 5. Ba4 Bc5 6. d3 O-O 7. Bg5 c6 8. O-O
d6 9. Nxd4 Bxd4 10. Bb3 h6 11. Bh4 g5 12. Bg3 h5 13. h3 h4 14. Bh2 g4 15. Qd2
Nh7 16. hxg4 Bxg4 17. Kh1 Kh8 18. f3 Bh5 19. f4 Rg8 20. fxe5 h3 21. gxh3 Qh4
22. Bxf7 Bxf7 23. Rxf7 Qxh3 24. Raf1 Rg3 25. R7f2 Rag8 26. Ne2 Rg2 27. Qf4 Bxe5
28. Ng1 Rxg1+ 29. Rxg1 Bxf4 30. Rxf4 Rg5 31. Rf2 Rh5 32. Rg6 Ng5 33. Rgf6 Kg7
34. R6f5 Qg4 35. Rg2 Qd1+ 36. Rg1 Qd2 37. Rg2 Qe3 38. Rf1 Kg6 39. Rf8 Qc1+ 40.
Rg1 Qxc2 41. Rg2 Qb1+ 42. Rg1 Qxb2 43. Rg2 Qb1+ 44. Rg1 Qxa2 45. Rg2 Qb1+ 46.
Rg1 Qxd3 47. Rg8+ Kf7 48. R8xg5 Qxe4+ 49. R5g2 Rxh2+ 0-1

[Event "17. European Women's Championship 2016"]
[Site "Mamaia ROU"]
[Date "2016.06.03"]
[Round "7.37"]
[White "Zherebtsova, Alexandra"]
[Black "Rudolf, Anna"]
[Result "0-1"]
[WhiteElo "2200"]
[BlackElo "2301"]
[PlyCount "68"]
[EventDate "2016.05.27"]
[EventType "swiss"]
[EventRounds "11"]
[EventCountry "ROU"]
[Source "lmi"]
[SourceDate "2016.05.26"]

1. d4 d5 2. Nf3 Nf6 3. Bf4 c6 4. e3 Qb6 5. Nbd2 Qxb2 6. Bd3 Qb6 7. O-O g6 8. c4
Bg7 9. h3 O-O 10. g4 Nbd7 11. a4 a5 12. Rb1 Qd8 13. Qb3 Ra6 14. c5 Ra7 15. Bg3
Ne8 16. Rfd1 Nc7 17. g5 e5 18. Nxe5 Nxe5 19. dxe5 Bxh3 20. Qb6 Ra8 21. Qxb7 Ne6
22. Qxc6 Rc8 23. Qb6 Qxg5 24. c6 h5 25. Nf3 Qg4 26. Nh2 Qxa4 27. Ra1 Qxc6 28.
Qxc6 Rxc6 29. Rxa5 g5 30. Bf1 Bf5 31. f3 Nc7 32. f4 h4 33. Bf2 gxf4 34. exf4
Rg6+ 0-1

[Event "17. European Women's Championship 2016"]
[Site "Mamaia ROU"]
[Date "2016.06.03"]
[Round "7.38"]
[White "Galojan, Lilit"]
[Black "Sandu, Mihaela"]
[Result "1-0"]
[WhiteElo "2296"]
[BlackElo "2246"]
[PlyCount "105"]
[EventDate "2016.05.27"]
[EventType "swiss"]
[EventRounds "11"]
[EventCountry "ROU"]
[Source "lmi"]
[SourceDate "2016.05.26"]

1. d4 Nf6 2. c4 g6 3. Nc3 Bg7 4. e4 d6 5. f3 O-O 6. Be3 e5 7. d5 Nh5 8. Qd2 f5
9. O-O-O Nd7 10. Bd3 a6 11. Kb1 Nc5 12. Bc2 b5 13. Nge2 Nf6 14. h3 fxe4 15.
Nxe4 Ncxe4 16. fxe4 bxc4 17. g4 a5 18. Rhf1 Ba6 19. Nc3 Rb8 20. Rf2 Nd7 21. g5
Rxf2 22. Qxf2 Nb6 23. Rf1 Qe7 24. Bd1 Bc8 25. h4 Bd7 26. Qh2 c5 27. Rh1 Bf8 28.
h5 Qg7 29. Qh4 Rb7 30. hxg6 hxg6 31. Bg4 Bxg4 32. Qxg4 Qf7 33. Qh3 Qg7 34. Qe6+
Qf7 35. Qh3 Qg7 36. Bd2 a4 37. a3 Qh7 38. Qe6+ Qf7 39. Qh3 Qh7 40. Qe6+ Qf7 41.
Rf1 Qxe6 42. dxe6 Rh7 43. Rf6 Nc8 44. Rxg6+ Bg7 45. Nd5 Kf8 46. Kc2 Ne7 47.
Nxe7 Kxe7 48. Kc3 Bh8 49. Kxc4 Rh4 50. Kd5 Rh3 51. Bc3 Rd3+ 52. Kc6 Rh3 53. Ba5
1-0